Journal of building & construction management (Record no. 38360)

MARC details
000 -LEADER
fixed length control field 00559nam a2200169Ia 4500
022 ## - INTERNATIONAL STANDARD SERIAL NUMBER
ISSN 21414858
050 ## - CALL MARK
Classification number HD 9715 .N5 J68/
245 #0 - TITLE STATEMENT
Title Journal of building & construction management
260 ## - PUBLICATION, DISTRIBUTION, ETC. (IMPRINT)
Place of publication Yaba, Lagos
260 ## - PUBLICATION, DISTRIBUTION, ETC. (IMPRINT)
Name of publisher Financial Management Association international Finman Corporation.
260 ## - PUBLICATION, DISTRIBUTION, ETC. (IMPRINT)
Year of publication 2014
300 ## - PHYSICAL DESCRIPTION
Number of Pages viii, 157 p. : ill. ; 25 cm.
650 ## - SUBJECT ADDED ENTRY--TOPICAL TERM
Topical Term Construction industry--Nigeria--Management--Periodicals. Building--Nigeria--Periodicals.
942 ## - ADDED ENTRY ELEMENTS (KOHA)
Koha item type Serials

No items available.